[Event "17. Open de Sants Hostafrancs 2015"]
[Site "Barcelona ESP"]
[Date "2015.08.29"]
[Round "9.3"]
[White "Burmakin, Vladimir"]
[Black "Piorun, Kacper"]
[Result "0-1"]
[WhiteElo "2558"]
[BlackElo "2592"]
[PlyCount "66"]
[EventDate "2015.08.21"]
[EventType "swiss"]
[EventRounds "10"]
[EventCountry "ESP"]
[SourceTitle "Ajedrez en Madrid"]
[Source "lmi"]
[SourceDate "2015.08.21"]
[WhiteClock "0:04:45"]
[BlackClock "0:00:36"]

1. d4 Nf6 2. Nf3 g6 3. g3 Bg7 4. Bg2 O-O 5. O-O d6 6. c4 Nbd7 7. Nc3 e5 8. Qc2
exd4 9. Nxd4 a5 10. b3 Nc5 11. Ba3 Qe7 12. Rad1 c6 13. Bc1 Re8 14. Bf4 Nfe4 15.
Nxe4 Nxe4 16. Rfe1 Nxf2 17. Kxf2 g5 18. Nxc6 bxc6 19. Bc1 Qa7+ 20. c5 Re5 21.
Rxd6 Bf5 22. Qd1 Qxc5+ 23. e3 Bg4 24. Rd8+ Rxd8 25. Qxd8+ Bf8 26. h3 Re6 27.
Kg1 Rd6 28. Qb8 Be6 29. Kh2 h5 30. e4 h4 31. gxh4 Qe5+ 32. Kh1 Bxh3 33. Bf3 Qg3
0-1

[Event "17. Open de Sants Hostafrancs 2015"]
[Site "Barcelona ESP"]
[Date "2015.08.29"]
[Round "9.4"]
[White "Dragun, Kamil"]
[Black "Oliva Castaneda, Kevel"]
[Result "1/2-1/2"]
[WhiteElo "2572"]
[BlackElo "2488"]
[PlyCount "77"]
[EventDate "2015.08.21"]
[EventType "swiss"]
[EventRounds "10"]
[EventCountry "ESP"]
[SourceTitle "Ajedrez en Madrid"]
[Source "lmi"]
[SourceDate "2015.08.21"]
[WhiteClock "0:23:49"]
[BlackClock "0:21:12"]

1. e4 e6 2. d4 d5 3. exd5 exd5 4. c4 Nf6 5. Nf3 Bb4+ 6. Bd2 Bxd2+ 7. Nbxd2 O-O
8. Be2 dxc4 9. Nxc4 Nc6 10. O-O Be6 11. Rc1 Bd5 12. Nce5 Ne7 13. Re1 c6 14. Bd3
Bxf3 15. Nxf3 Ned5 16. Qd2 Qd6 17. g3 Rfe8 18. a3 Nc7 19. Bc4 Nfd5 20. Re5 f6
21. Ree1 Kh8 22. h4 Ne6 23. h5 Qd7 24. Re4 Nec7 25. Rh4 Re7 26. Bd3 Ne6 27. Kg2
Rd8 28. Re1 Nf8 29. Rxe7 Qxe7 30. Qa5 a6 31. Re4 Qd7 32. Nh4 Re8 33. Qe1 Nf4+
34. gxf4 Qg4+ 35. Kf1 Rxe4 36. Qxe4 Qd1+ 37. Kg2 Qg4+ 38. Kf1 Qd1+ 39. Kg2
1/2-1/2

[Event "17. Open de Sants Hostafrancs 2015"]
[Site "Barcelona ESP"]
[Date "2015.08.29"]
[Round "9.5"]
[White "Peralta, Fernando"]
[Black "Andersen, Mads"]
[Result "1/2-1/2"]
[WhiteElo "2564"]
[BlackElo "2467"]
[PlyCount "64"]
[EventDate "2015.08.21"]
[EventType "swiss"]
[EventRounds "10"]
[EventCountry "ESP"]
[SourceTitle "Ajedrez en Madrid"]
[Source "lmi"]
[SourceDate "2015.08.21"]
[WhiteClock "0:27:48"]
[BlackClock "0:20:03"]

1. d4 Nf6 2. c4 g6 3. Nc3 d5 4. cxd5 Nxd5 5. e4 Nxc3 6. bxc3 Bg7 7. Qa4+ Nd7 8.
Nf3 O-O 9. Be2 c5 10. O-O cxd4 11. cxd4 Nb6 12. Qa3 Bg4 13. Rd1 Bxf3 14. gxf3
Bxd4 15. Bg5 Bxa1 16. Rxd8 Rfxd8 17. Qxe7 Rd7 18. Qa3 Rc8 19. Kg2 a6 20. Qb3
Bd4 21. Bh6 Rc6 22. a4 g5 23. Bxg5 Rg6 24. f4 h6 25. Bh5 Rg7 26. Bg4 hxg5 27.
Bxd7 gxf4+ 28. Kh3 Nxd7 29. Qd5 Rh7+ 30. Kg2 Rg7+ 31. Kh3 Rh7+ 32. Kg2 Rg7+
1/2-1/2

[Event "17. Open de Sants Hostafrancs 2015"]
[Site "Barcelona ESP"]
[Date "2015.08.29"]
[Round "9.6"]
[White "Potkin, Vladimir"]
[Black "Aloma Vidal, Robert"]
[Result "1/2-1/2"]
[WhiteElo "2599"]
[BlackElo "2454"]
[PlyCount "107"]
[EventDate "2015.08.21"]
[EventType "swiss"]
[EventRounds "10"]
[EventCountry "ESP"]
[SourceTitle "Ajedrez en Madrid"]
[Source "lmi"]
[SourceDate "2015.08.21"]
[WhiteClock "0:22:35"]
[BlackClock "0:06:43"]

1. c4 e5 2. Nc3 Nc6 3. Nf3 Nf6 4. g3 Bc5 5. Bg2 d6 6. e3 a6 7. O-O O-O 8. b3
Ba7 9. Bb2 Re8 10. Qc2 Ne7 11. d4 exd4 12. Nxd4 Rb8 13. Rac1 Bxd4 14. exd4 Bf5
15. Qd2 Qd7 16. d5 Ng6 17. Ne2 Ne4 18. Bxe4 Rxe4 19. f3 Re7 20. g4 Qe8 21. Ng3
Bd7 22. f4 f6 23. f5 Ne5 24. g5 Kh8 25. h4 Qf8 26. Rf4 Rbe8 27. Kh1 Nd3 28.
Qxd3 Re3 29. Qd4 Rxg3 30. gxf6 gxf6 31. Qxf6+ Qxf6 32. Bxf6+ Kg8 33. Rg1 Rxg1+
34. Kxg1 h5 35. Bd4 c5 36. dxc6 Bxc6 37. f6 Kf7 38. Rf5 Re4 39. Bf2 Rg4+ 40.
Kf1 b5 41. c5 Bg2+ 42. Ke2 Re4+ 43. Be3 Bh3 44. Rd5 dxc5 45. Rxc5 Kxf6 46. Kf3
Bf5 47. Bg5+ Kg6 48. Rc6+ Re6 49. Rxe6+ Bxe6 50. Ke4 a5 51. Ke5 Kf7 52. Kd4 a4
53. bxa4 bxa4 54. a3 1/2-1/2

[Event "17. Open de Sants Hostafrancs 2015"]
[Site "Barcelona ESP"]
[Date "2015.08.29"]
[Round "9.7"]
[White "Cori T., Deysi"]
[Black "Edouard, Romain"]
[Result "0-1"]
[WhiteElo "2426"]
[BlackElo "2634"]
[PlyCount "106"]
[EventDate "2015.08.21"]
[EventType "swiss"]
[EventRounds "10"]
[EventCountry "ESP"]
[SourceTitle "Ajedrez en Madrid"]
[Source "lmi"]
[SourceDate "2015.08.21"]
[WhiteClock "0:16:24"]
[BlackClock "0:15:28"]

1. d4 Nf6 2. Nf3 d5 3. c4 dxc4 4. e3 Bg4 5. h3 Bh5 6. Nc3 e6 7. Bxc4 Nc6 8. Bb5
Bd6 9. e4 Nd7 10. g4 Bg6 11. Bg5 f6 12. Be3 O-O 13. h4 h5 14. Nd2 Qe8 15. f4
Kh8 16. Rg1 a6 17. Bc4 e5 18. dxe5 fxe5 19. f5 Bh7 20. gxh5 Nf6 21. Nf3 Rd8 22.
h6 g6 23. Ng5 gxf5 24. Nxh7 Kxh7 25. exf5 Nd4 26. Bg5 e4 27. Bxf6 Nf3+ 28. Kf1
Rxf6 29. Qd5 Be5 30. Rg7+ Kxh6 31. Qg8 Qxg8 32. Rxg8 Rd2 33. Nxe4 Rb6 34. Nxd2
Nxd2+ 35. Ke2 Nxc4 36. Rag1 Rxb2+ 37. Kd3 b5 38. f6 Rd2+ 39. Ke4 Rd4+ 40. Kf3
Rf4+ 41. Ke2 Bxf6 42. Rf8 Re4+ 43. Kf3 Re3+ 44. Kg4 Bg7 45. Ra8 Ra3 46. Kf5
Rxa2 47. Rg6+ Kh7 48. Rgxa6 Rxa6 49. Rxa6 b4 50. Rc6 Nd6+ 51. Ke6 b3 52. Rc1 b2
53. Rh1 c5 0-1

[Event "17. Open de Sants Hostafrancs 2015"]
[Site "Barcelona ESP"]
[Date "2015.08.29"]
[Round "9.8"]
[White "Boruchovsky, Avital"]
[Black "Arenas, David"]
[Result "0-1"]
[WhiteElo "2540"]
[BlackElo "2439"]
[PlyCount "78"]
[EventDate "2015.08.21"]
[EventType "swiss"]
[EventRounds "10"]
[EventCountry "ESP"]
[SourceTitle "Ajedrez en Madrid"]
[Source "lmi"]
[SourceDate "2015.08.21"]
[WhiteClock "0:21:06"]
[BlackClock "0:29:37"]

1. g3 g6 2. Bg2 Bg7 3. d4 d6 4. e4 Nf6 5. Ne2 O-O 6. O-O e5 7. Nbc3 c6 8. a4 a5
9. h3 Na6 10. Be3 Nb4 11. Qd2 Be6 12. Rac1 Bc4 13. b3 Ba6 14. Rfd1 Qc7 15. g4
Rad8 16. Bg5 Rfe8 17. d5 cxd5 18. exd5 Bxe2 19. Nxe2 Rc8 20. c4 Nd7 21. Nc3 Nc5
22. Nb5 Qd7 23. Rc3 e4 24. Re3 f5 25. gxf5 gxf5 26. Rg3 Kh8 27. Qf4 Re5 28. Qh4
Rf8 29. Qh5 f4 30. Rg4 e3 31. fxe3 fxe3 32. Rh4 Bf6 33. Qh6 Qg7 34. Qxg7+ Bxg7
35. Bf4 e2 36. Re1 Nbd3 37. Bxe5 Nxe1 38. Bxg7+ Kxg7 39. Nd4 Nf3+ 0-1

[Event "17. Open de Sants Hostafrancs 2015"]
[Site "Barcelona ESP"]
[Date "2015.08.29"]
[Round "9.9"]
[White "Kanarek, Marcel"]
[Black "Rios, Cristhian Camilo"]
[Result "0-1"]
[WhiteElo "2528"]
[BlackElo "2435"]
[PlyCount "96"]
[EventDate "2015.08.21"]
[EventType "swiss"]
[EventRounds "10"]
[EventCountry "ESP"]
[SourceTitle "Ajedrez en Madrid"]
[Source "lmi"]
[SourceDate "2015.08.21"]
[WhiteClock "0:44:18"]
[BlackClock "0:29:19"]

1. e4 c5 2. Nf3 e6 3. d4 cxd4 4. Nxd4 Nf6 5. Nc3 d6 6. Be2 Nc6 7. Be3 Be7 8.
O-O O-O 9. f4 Bd7 10. Kh1 Nxd4 11. Bxd4 Bc6 12. Qd3 Qc7 13. Qg3 g6 14. Bf3 b5
15. Rae1 b4 16. e5 dxe5 17. fxe5 Nd7 18. Bxc6 Qxc6 19. Ne4 Qxc2 20. Nf6+ Nxf6
21. exf6 Bc5 22. Rc1 Qxc1 23. Rxc1 Bxd4 24. Qf4 Rad8 25. g4 Rd5 26. g5 Bxb2 27.
Rc7 Be5 28. Qh4 Rd1+ 29. Kg2 Rd2+ 30. Kg1 Rxh2 31. Qxh2 Bxh2+ 32. Kxh2 h6 33.
Rxa7 hxg5 34. Kg3 Re8 35. Kg4 e5 36. Rb7 e4 37. Rxb4 e3 38. Rb1 e2 39. Re1 Re3
40. Kxg5 Re4 41. a3 Kf8 42. Rh1 Ke8 43. Re1 Kd7 44. Kh6 Ke6 45. Kg7 g5 46. a4
g4 47. a5 g3 48. a6 Rg4+ 0-1

[Event "17. Open de Sants Hostafrancs 2015"]
[Site "Barcelona ESP"]
[Date "2015.08.29"]
[Round "9.10"]
[White "Admiraal, Miguoel"]
[Black "Cuartas, Jaime Alexander"]
[Result "0-1"]
[WhiteElo "2414"]
[BlackElo "2503"]
[PlyCount "155"]
[EventDate "2015.08.21"]
[EventType "swiss"]
[EventRounds "10"]
[EventCountry "ESP"]
[SourceTitle "Ajedrez en Madrid"]
[Source "lmi"]
[SourceDate "2015.08.21"]
[WhiteClock "0:12:10"]
[BlackClock "0:01:16"]

1. e4 e5 2. Nf3 Nc6 3. Bc4 Bc5 4. c3 Nf6 5. d3 O-O 6. Nbd2 a6 7. Bb3 Ba7 8. O-O
d6 9. h3 Ne7 10. Re1 Ng6 11. Nf1 h6 12. Ng3 Re8 13. d4 Be6 14. Bc2 c6 15. Be3
Qc7 16. Nf5 Bxf5 17. exf5 Nf8 18. Qd2 e4 19. Bxh6 N8h7 20. Bf4 exf3 21. g4 Qd7
22. Qd3 d5 23. Qxf3 Bb8 24. Be5 Ne4 25. Qg2 f6 26. Bxb8 Raxb8 27. h4 Nd2 28.
Qg3 Rxe1+ 29. Rxe1 Re8 30. Rxe8+ Qxe8 31. Bd3 Qe1+ 32. Kg2 Ne4 33. Qe3 Qxe3 34.
fxe3 Nd6 35. Kf3 Nf8 36. g5 fxg5 37. hxg5 g6 38. Kf4 Kf7 39. e4 dxe4 40. Bxe4
gxf5 41. Bxf5 Ne6+ 42. Kg4 Nc7 43. Bc2 Nd5 44. Bb3 b5 45. a4 Ke6 46. axb5 axb5
47. Kh5 Nc4 48. g6 Kf6 49. Kh6 Ne7 50. Bc2 Nd6 51. Kh7 Ne8 52. Bd3 Ng7 53. Bc2
Ne6 54. Kh6 Nf8 55. Be4 Nfxg6 56. d5 cxd5 57. Bd3 b4 58. Bc2 Nf4 59. cxb4 Nf5+
60. Kh7 Nd6 61. Kh6 d4 62. b5 Nxb5 63. b4 Nd6 64. Bb1 Nb5 65. Bc2 Nc3 66. Kh7
Nfd5 67. b5 Nxb5 68. Kh6 Nf4 69. Bb1 Na3 70. Bh7 Nc4 71. Bb1 Ne3 72. Be4 Ng4+
73. Kh7 Ne6 74. Bb1 Kg5 75. Bc2 Nf6+ 76. Kh8 Kh6 77. Bg6 Ng5 78. Bf7 0-1

[Event "17. Open de Sants Hostafrancs 2015"]
[Site "Barcelona ESP"]
[Date "2015.08.29"]
[Round "9.11"]
[White "Ootes, Lars"]
[Black "Bailet, Pierre"]
[Result "1-0"]
[WhiteElo "2400"]
[BlackElo "2502"]
[PlyCount "91"]
[EventDate "2015.08.21"]
[EventType "swiss"]
[EventRounds "10"]
[EventCountry "ESP"]
[SourceTitle "Ajedrez en Madrid"]
[Source "lmi"]
[SourceDate "2015.08.21"]
[WhiteClock "0:25:32"]
[BlackClock "0:18:02"]

1. e4 e5 2. Nf3 Nc6 3. Bb5 a6 4. Ba4 Nf6 5. O-O Be7 6. Re1 b5 7. Bb3 O-O 8. d4
d6 9. c3 Bg4 10. Be3 exd4 11. cxd4 Na5 12. Bc2 Nc4 13. Bc1 c5 14. b3 Nb6 15.
Nbd2 cxd4 16. h3 Bh5 17. Bb2 Nfd7 18. Qb1 d3 19. Bxd3 Ne5 20. Nd4 Bg5 21. Nf1
Bg6 22. Ng3 Nd5 23. Ndf5 Nf4 24. Bf1 Qf6 25. Qd1 Rfd8 26. a4 b4 27. a5 h5 28.
Ne3 h4 29. Ngf5 Bh5 30. Nd5 Nxd5 31. Qxd5 Nf3+ 32. gxf3 Qxb2 33. Nxd6 Qd2 34.
Rad1 Qf4 35. Bg2 Be7 36. e5 Ra7 37. Rd4 Qh6 38. Nf5 Rxd5 39. Nxh6+ gxh6 40.
Rxd5 Rc7 41. f4 Rc2 42. Be4 Rb2 43. f5 f6 44. Rc1 fxe5 45. Rd7 Kf8 46. f6 1-0

[Event "17. Open de Sants Hostafrancs 2015"]
[Site "Barcelona ESP"]
[Date "2015.08.29"]
[Round "9.12"]
[White "Schroeder, Jan-Christian"]
[Black "Pulvett Marin, Daniel"]
[Result "1-0"]
[WhiteElo "2473"]
[BlackElo "2434"]
[PlyCount "95"]
[EventDate "2015.08.21"]
[EventType "swiss"]
[EventRounds "10"]
[EventCountry "ESP"]
[SourceTitle "Ajedrez en Madrid"]
[Source "lmi"]
[SourceDate "2015.08.21"]
[WhiteClock "0:14:54"]
[BlackClock "0:14:12"]

1. e4 c5 2. Nf3 e6 3. d4 cxd4 4. Nxd4 Nc6 5. Nc3 Qc7 6. Be3 a6 7. Be2 Nf6 8.
O-O Be7 9. f4 d6 10. Qe1 O-O 11. Qg3 Nxd4 12. Bxd4 b5 13. Kh1 Bb7 14. a3 Rad8
15. Rae1 Rd7 16. Bd3 Re8 17. a4 b4 18. Na2 Qa5 19. Nc1 g6 20. Nb3 Qd8 21. Qh3
Bf8 22. f5 gxf5 23. exf5 e5 24. Be3 Kh8 25. Be2 Be7 26. Bf3 Rg8 27. Bxb7 Rxb7
28. Bf2 Qc8 29. Bh4 Qxc2 30. Rc1 Qe2 31. Rfe1 Qg4 32. Na5 Rd7 33. Nc6 Qg7 34.
Rcd1 Re8 35. Nxe5 dxe5 36. Bxf6 Bxf6 37. Rxd7 e4 38. Qh5 Kg8 39. b3 e3 40. g3
Bg5 41. h4 Bh6 42. Kh2 Qf6 43. Re2 Re5 44. Qg4+ Kh8 45. Rb7 Qd6 46. f6 Re8 47.
Qd7 Qe5 48. Qxf7 1-0

[Event "17. Open de Sants Hostafrancs 2015"]
[Site "Barcelona ESP"]
[Date "2015.08.29"]
[Round "9.13"]
[White "Bellia, Fabrizio"]
[Black "Kobo, Ori"]
[Result "0-1"]
[WhiteElo "2461"]
[BlackElo "2412"]
[PlyCount "92"]
[EventDate "2015.08.21"]
[EventType "swiss"]
[EventRounds "10"]
[EventCountry "ESP"]
[SourceTitle "Ajedrez en Madrid"]
[Source "lmi"]
[SourceDate "2015.08.21"]

1. e4 e5 2. Nf3 Nc6 3. Bc4 Bc5 4. c3 Nf6 5. d3 O-O 6. O-O d5 7. exd5 Nxd5 8.
Re1 Bg4 9. h3 Bh5 10. Nbd2 Nb6 11. Ne4 Nxc4 12. Nxc5 Nd6 13. g4 Bg6 14. Nxe5
Nxe5 15. Rxe5 b6 16. Na6 f5 17. Nb4 Qh4 18. Qf1 Nf7 19. Re1 fxg4 20. hxg4 Qxg4+
21. Qg2 Qh4 22. Qg3 Qxg3+ 23. fxg3 c5 24. Nc6 Bxd3 25. Bf4 g5 26. Bc7 Rfe8 27.
Ne5 Rac8 28. Nxf7 Kxf7 29. Be5 Rc6 30. Re3 h5 31. Rae1 Rce6 32. Kf2 Kg6 33. b4
cxb4 34. cxb4 Kf5 35. Bc7 Be4 36. Rc1 Rc8 37. Rcc3 h4 38. gxh4 gxh4 39. a4 Rg8
40. a5 Rg2+ 41. Ke1 Rb2 42. axb6 axb6 43. Kf1 h3 44. Kg1 Rg6+ 45. Kf1 h2 46.
Bxh2 Rxh2 0-1

[Event "17. Open de Sants Hostafrancs 2015"]
[Site "Barcelona ESP"]
[Date "2015.08.29"]
[Round "9.14"]
[White "Sturt, Raven M"]
[Black "Cori, Jorge"]
[Result "0-1"]
[WhiteElo "2282"]
[BlackElo "2635"]
[PlyCount "54"]
[EventDate "2015.08.21"]
[EventType "swiss"]
[EventRounds "10"]
[EventCountry "ESP"]
[SourceTitle "Ajedrez en Madrid"]
[Source "lmi"]
[SourceDate "2015.08.21"]
[WhiteClock "0:02:07"]
[BlackClock "0:13:09"]

1. Nf3 c5 2. g3 b5 3. a4 b4 4. Bg2 Bb7 5. O-O Nf6 6. d4 e6 7. c3 Nc6 8. Ne5 Rc8
9. dxc5 bxc3 10. Nd3 cxb2 11. Bxb2 Na5 12. Nd2 h5 13. e4 Ba6 14. e5 Bxd3 15.
exf6 gxf6 16. Qf3 Bxf1 17. Bxf6 Be2 18. Qf4 Qc7 19. Be5 Qxc5 20. Ne4 Qb4 21.
Bxh8 Nb3 22. Qg5 Rc5 23. Qg8 Rc4 24. Rb1 Nd4 25. Rxb4 Nf3+ 26. Bxf3 Rc1+ 27.
Kg2 Bf1+ 0-1

[Event "17. Open de Sants Hostafrancs 2015"]
[Site "Barcelona ESP"]
[Date "2015.08.29"]
[Round "9.15"]
[White "Bachmann, Axel"]
[Black "Mascaro March, Pedro"]
[Result "1-0"]
[WhiteElo "2623"]
[BlackElo "2414"]
[PlyCount "103"]
[EventDate "2015.08.21"]
[EventType "swiss"]
[EventRounds "10"]
[EventCountry "ESP"]
[SourceTitle "Ajedrez en Madrid"]
[Source "lmi"]
[SourceDate "2015.08.21"]

1. d4 Nf6 2. c4 e6 3. Nf3 Bb4+ 4. Bd2 Qe7 5. Nc3 O-O 6. g3 Nc6 7. Bg2 d6 8. O-O
Bxc3 9. Bxc3 e5 10. d5 Nb8 11. Nh4 g5 12. Nf3 Ne4 13. Rc1 Nd7 14. Be1 a5 15.
Nd2 Nec5 16. f4 f6 17. b3 Nb6 18. fxg5 fxg5 19. Rxf8+ Qxf8 20. Bf2 Bf5 21. a3
Nbd7 22. b4 Na6 23. Qb3 b6 24. Be3 Qe7 25. Rf1 Bg6 26. Bh3 h6 27. Qc3 Kg7 28.
Bg2 Nf6 29. h3 Nb8 30. c5 axb4 31. axb4 bxc5 32. bxc5 Bf7 33. Qc4 Nbd7 34. c6
Nf8 35. Bf2 Ng6 36. e4 Qd8 37. Qc3 Ra4 38. Rb1 Ne7 39. Rb7 Bg6 40. Qb3 Ra1+ 41.
Kh2 Ra8 42. Ba7 Nc8 43. Rb8 Rxb8 44. Qxb8 Kf8 45. Qa8 Ke7 46. Bb8 Nb6 47. Qb7
Ne8 48. Bf3 h5 49. Ba7 Nc8 50. Be3 Kf8 51. Qb8 Kg7 52. Be2 1-0

[Event "17. Open de Sants Hostafrancs 2015"]
[Site "Barcelona ESP"]
[Date "2015.08.29"]
[Round "9.16"]
[White "Aroshidze, Levan"]
[Black "Hernando Rodrigo, Julio Antoni"]
[Result "0-1"]
[WhiteElo "2535"]
[BlackElo "2389"]
[PlyCount "92"]
[EventDate "2015.08.21"]
[EventType "swiss"]
[EventRounds "10"]
[EventCountry "ESP"]
[SourceTitle "Ajedrez en Madrid"]
[Source "lmi"]
[SourceDate "2015.08.21"]
[WhiteClock "0:36:43"]
[BlackClock "0:26:04"]

1. e4 e6 2. d4 d5 3. Nc3 Bb4 4. e5 c5 5. a3 Bxc3+ 6. bxc3 Ne7 7. Nf3 Nbc6 8.
Be2 Qa5 9. Bd2 Bd7 10. O-O f6 11. exf6 gxf6 12. c4 Qc7 13. dxc5 d4 14. c3 d3
15. Bxd3 e5 16. Nh4 O-O-O 17. Qc2 Kb8 18. Be3 Be6 19. Rab1 Ka8 20. Rb5 Qd7 21.
Be2 Ng6 22. Rd1 Qf7 23. Rxd8+ Rxd8 24. Nf5 Nf4 25. Nd6 Qg6 26. Qxg6 Nxe2+ 27.
Kf1 hxg6 28. Kxe2 Rxd6 29. cxd6 Bxc4+ 30. Kf3 Bxb5 31. g4 Nd8 32. h4 Bc6+ 33.
Kg3 Nf7 34. f4 exf4+ 35. Kxf4 Bd7 36. Bd4 g5+ 37. Kg3 gxh4+ 38. Kxh4 Nh6 39.
Bxf6 Nxg4 40. Bd4 b6 41. c4 Kb7 42. c5 b5 43. Kg5 Kc6 44. Kf4 Kd5 45. c6 Bxc6
46. Bxa7 Ne5 0-1

[Event "17. Open de Sants Hostafrancs 2015"]
[Site "Barcelona ESP"]
[Date "2015.08.29"]
[Round "9.17"]
[White "Perske, Thore"]
[Black "Narciso Dublan, Marc"]
[Result "0-1"]
[WhiteElo "2408"]
[BlackElo "2532"]
[PlyCount "92"]
[EventDate "2015.08.21"]
[EventType "swiss"]
[EventRounds "10"]
[EventCountry "ESP"]
[SourceTitle "Ajedrez en Madrid"]
[Source "lmi"]
[SourceDate "2015.08.21"]
[WhiteClock "0:09:59"]
[BlackClock "0:19:24"]

1. e4 d6 2. d4 Nf6 3. Nc3 g6 4. Nf3 Bg7 5. Be2 O-O 6. O-O c6 7. Re1 Nbd7 8. Bf4
Qb6 9. Qc1 e5 10. dxe5 dxe5 11. Be3 Qc7 12. a4 Ng4 13. Bg5 Nc5 14. h3 Nf6 15.
Bh6 a5 16. Bxg7 Kxg7 17. Bc4 Nh5 18. Qe3 b6 19. Rad1 f6 20. b3 Nf4 21. Ne2 Nfe6
22. Rd2 Ba6 23. Bxa6 Nxa6 24. Red1 Rad8 25. Ne1 Nac5 26. f3 h5 27. Kf1 Kf7 28.
Nd3 Nxd3 29. Rxd3 Rxd3 30. Rxd3 Rd8 31. Ke1 Rxd3 32. Qxd3 h4 33. Qa6 Kg7 34.
Qa8 Qd7 35. Qa6 Qc7 36. Qa8 Nd4 37. Nxd4 exd4 38. Kf1 c5 39. Kg1 Kh6 40. Qf8+
Kg5 41. Qg8 Qg3 42. Qe6 Kf4 43. Qxb6 Qe1+ 44. Kh2 Ke3 45. Qxc5 Qa1 46. Qxa5 Qd1
0-1

[Event "17. Open de Sants Hostafrancs 2015"]
[Site "Barcelona ESP"]
[Date "2015.08.29"]
[Round "9.18"]
[White "Mullon, Jean-Baptiste"]
[Black "Valsecchi, Alessio"]
[Result "1-0"]
[WhiteElo "2402"]
[BlackElo "2459"]
[PlyCount "69"]
[EventDate "2015.08.21"]
[EventType "swiss"]
[EventRounds "10"]
[EventCountry "ESP"]
[SourceTitle "Ajedrez en Madrid"]
[Source "lmi"]
[SourceDate "2015.08.21"]
[WhiteClock "0:10:38"]
[BlackClock "0:19:58"]

1. e4 c5 2. Nf3 d6 3. d4 cxd4 4. Nxd4 Nf6 5. Nc3 g6 6. Be3 a6 7. f3 b5 8. a4 b4
9. Nd5 Bg7 10. Nxb4 Bb7 11. Be2 e5 12. Nb3 O-O 13. a5 Nxe4 14. fxe4 Qh4+ 15.
Bf2 Qxe4 16. Qd2 Nc6 17. Nxc6 Bxc6 18. O-O-O Qxg2 19. Be3 Rfc8 20. Rhf1 Qh3 21.
Kb1 d5 22. Bb6 f5 23. Nc5 d4 24. Ne6 Be4 25. Bd3 Bh6 26. Qe2 Qg2 27. Rf2 Bxd3
28. Rxg2 Bxe2 29. Rxe2 Be3 30. c3 Rc6 31. cxd4 Rxe6 32. Rxe3 e4 33. d5 Rd6 34.
Bc7 Rd7 35. Bf4 1-0

[Event "17. Open de Sants Hostafrancs 2015"]
[Site "Barcelona ESP"]
[Date "2015.08.29"]
[Round "9.19"]
[White "Gonzalez Rodriguez, Jorge A"]
[Black "Galego, Luis"]
[Result "1-0"]
[WhiteElo "2369"]
[BlackElo "2454"]
[PlyCount "93"]
[EventDate "2015.08.21"]
[EventType "swiss"]
[EventRounds "10"]
[EventCountry "ESP"]
[SourceTitle "Ajedrez en Madrid"]
[Source "lmi"]
[SourceDate "2015.08.21"]

1. b3 e5 2. Bb2 d6 3. e3 Nf6 4. c4 g6 5. Nc3 Bg7 6. Nf3 O-O 7. d4 Qe7 8. Be2 e4
9. Nd2 h5 10. h3 h4 11. b4 c5 12. bxc5 dxc5 13. dxc5 Na6 14. Nb3 Rd8 15. Qc1
Nxc5 16. Nxc5 Qxc5 17. O-O Bd7 18. Rd1 Bc6 19. Nb5 a6 20. Nd4 Ba4 21. Nb3 Qe7
22. Bd4 Ne8 23. Qc3 Rac8 24. Qa5 Bxb3 25. axb3 Bxd4 26. exd4 Ng7 27. Qd2 Nf5
28. d5 e3 29. fxe3 Nxe3 30. Re1 Qc5 31. Kh1 Nf5 32. Bg4 Ng3+ 33. Kh2 Qd6 34.
Kg1 Rb8 35. Qd4 Qb4 36. Qf6 Qc5+ 37. Kh2 Qc7 38. Re5 Ne4 39. Qf4 Nd6 40. Rae1
Rf8 41. Re7 Qc5 42. Bd7 b5 43. R1e6 fxe6 44. Bxe6+ Nf7 45. Bxf7+ Kg7 46. Qe5+
Kh6 47. Qf6 1-0

[Event "17. Open de Sants Hostafrancs 2015"]
[Site "Barcelona ESP"]
[Date "2015.08.29"]
[Round "9.20"]
[White "Valderrama Quiceno, Esteban A"]
[Black "Cruz, Jonathan"]
[Result "1/2-1/2"]
[WhiteElo "2357"]
[BlackElo "2450"]
[PlyCount "99"]
[EventDate "2015.08.21"]
[EventType "swiss"]
[EventRounds "10"]
[EventCountry "ESP"]
[SourceTitle "Ajedrez en Madrid"]
[Source "lmi"]
[SourceDate "2015.08.21"]

1. Nf3 Nf6 2. d4 e6 3. Bf4 c5 4. e3 b6 5. Bd3 Bb7 6. h3 Nd5 7. Bg3 cxd4 8. exd4
Qf6 9. Bh4 Qf4 10. c3 Qc7 11. Bg3 Bd6 12. Bxd6 Qxd6 13. Nbd2 f5 14. g3 O-O 15.
Qe2 Nc6 16. Ba6 Bxa6 17. Qxa6 Rab8 18. Qe2 b5 19. O-O Rfc8 20. Rfe1 Rc7 21. a4
bxa4 22. Nc4 Qf8 23. Rxa4 Nf6 24. Nfe5 Ne7 25. Rea1 Nc8 26. Nd3 Ne4 27. Nb4
Rcb7 28. Na6 Ra8 29. Na5 Rb6 30. Nc4 Rb7 31. Kg2 Nb6 32. Rb4 d5 33. Na5 Rf7 34.
f3 f4 35. g4 Ng3 36. Qe1 e5 37. dxe5 Qc8 38. e6 Rf6 39. Rxf4 Rxf4 40. Qxg3 g5
41. Nb4 Qxe6 42. Re1 Qf7 43. Nd3 Rf6 44. h4 gxh4 45. Qxh4 Re8 46. Ne5 Qg7 47.
Nb3 h5 48. Nd4 Nc4 49. Nxc4 hxg4 50. Ne3 1/2-1/2

[Event "17. Open de Sants Hostafrancs 2015"]
[Site "Barcelona ESP"]
[Date "2015.08.29"]
[Round "9.21"]
[White "Gallego Alcaraz, Andres Felipe"]
[Black "Midoux, Sebastien"]
[Result "1-0"]
[WhiteElo "2443"]
[BlackElo "2344"]
[PlyCount "83"]
[EventDate "2015.08.21"]
[EventType "swiss"]
[EventRounds "10"]
[EventCountry "ESP"]
[SourceTitle "Ajedrez en Madrid"]
[Source "lmi"]
[SourceDate "2015.08.21"]

1. d4 Nf6 2. c4 e5 3. dxe5 Ng4 4. Bf4 g5 5. Bg3 Bg7 6. Nc3 Nxe5 7. e3 d6 8. h4
g4 9. h5 O-O 10. Bh4 Bf6 11. Bxf6 Qxf6 12. Nd5 Qd8 13. Qd4 Be6 14. O-O-O Bxd5
15. Qxd5 Qf6 16. f4 gxf3 17. gxf3 Nbc6 18. f4 Ng4 19. Rh3 Kh8 20. Rg3 Qh4 21.
Rh3 Qe7 22. Qd2 f5 23. Bd3 Rae8 24. Re1 Nd8 25. Nf3 Ne6 26. Bc2 Nc5 27. Nh4 Ne4
28. Qd4+ Qf6 29. Nxf5 c5 30. Qxf6+ Rxf6 31. Nh4 Rh6 32. Bxe4 Rxe4 33. Rg3 Nf2
34. Reg1 Re8 35. Nf5 Rf6 36. Ng7 Rb8 37. Kc2 Ne4 38. R3g2 Rf7 39. Kd3 Nf6 40.
e4 Rg8 41. Nf5 Rd8 42. Rg5 1-0

[Event "17. Open de Sants Hostafrancs 2015"]
[Site "Barcelona ESP"]
[Date "2015.08.29"]
[Round "9.22"]
[White "Dourerassou, Jonathan"]
[Black "Alonso Garcia, Rene Marcial"]
[Result "1-0"]
[WhiteElo "2436"]
[BlackElo "2339"]
[PlyCount "133"]
[EventDate "2015.08.21"]
[EventType "swiss"]
[EventRounds "10"]
[EventCountry "ESP"]
[SourceTitle "Ajedrez en Madrid"]
[Source "lmi"]
[SourceDate "2015.08.21"]

1. e4 e6 2. d4 d5 3. Nc3 Nf6 4. e5 Nfd7 5. f4 c5 6. Nf3 Nc6 7. Be3 cxd4 8. Nxd4
Qb6 9. Qd2 Qxb2 10. Rb1 Qa3 11. Bb5 Nxd4 12. Bxd4 a6 13. Bxd7+ Bxd7 14. Rb3 Qe7
15. Rxb7 Rc8 16. O-O Qa3 17. f5 Bc5 18. Ne2 exf5 19. Qg5 g6 20. Qf6 O-O 21. e6
Bxd4+ 22. Nxd4 Bxe6 23. Re1 Qc3 24. Rxe6 Rc4 25. Nf3 Qxf6 26. Rxf6 Rxc2 27.
Rxa6 Re8 28. Rb1 Ree2 29. Ne1 Rxa2 30. Rxa2 Rxa2 31. Rd1 Kg7 32. Rxd5 h6 33.
Nf3 Rb2 34. h3 Ra2 35. Rd7 Kf6 36. Kh2 Ra5 37. Rd6+ Kg7 38. Nd4 Ra3 39. Rd7 Ra6
40. Nb5 Ra8 41. Nc7 Rg8 42. Kg3 Kf6 43. Kf4 g5+ 44. Kf3 Rb8 45. Rd6+ Kg7 46.
Nd5 Rb3+ 47. Kf2 Rb2+ 48. Kg1 Rb1+ 49. Kh2 Re1 50. Kg3 Re4 51. Kf3 Re5 52. g3
Re6 53. Ne3 Kg6 54. Rd5 Rf6 55. Ra5 h5 56. h4 gxh4 57. gxh4 Rb6 58. Rxf5 f6 59.
Rf4 Rb3 60. Ra4 Rc3 61. Ke4 Rc1 62. Ng2 Rc5 63. Nf4+ Kh6 64. Ra6 Re5+ 65. Kf3
Kg7 66. Ra7+ Kg8 67. Rd7 1-0